[Event "PNWCC Masters 2020"]
[Site "chess.com INT"]
[Date "2020.05.25"]
[Round "8.9"]
[White "He, Anthony"]
[Black "Belous, Vladimir"]
[Result "1-0"]
[WhiteTitle "FM"]
[BlackTitle "GM"]
[WhiteElo "2337"]
[BlackElo "2524"]
[WhiteFideId "2088215"]
[BlackFideId "4174003"]
[EventDate "2020.05.23"]

1. e4 c5 2. Nf3 e6 3. d4 cxd4 4. Nxd4 Nc6 5. Nc3 Qc7 6. g3 Nf6 7. Bg2 a6 8. O-O
Be7 9. Nxc6 dxc6 10. a4 O-O 11. Be3 a5 12. h3 e5 13. f4 b6 14. Qf3 Ba6 15. Rf2
Rad8 16. f5 Nd7 17. Kh2 h6 18. h4 Bc5 19. g4 f6 20. Rg1 Kf7 21. Bh3 Rh8 22. Rfg2
Qd6 23. Bxc5 Qxc5 24. g5 hxg5 25. hxg5 Ke7 26. Rd1 Bc4 27. b3 Bf7 28. g6 Be8 29.
Rgd2 Rh4 30. Ne2 Qb4 31. Kg3 Qxe4 32. Qxe4 Rxe4 33. Bg2 Nc5 34. Rxd8 Rxe2 35.
R8d2 Re3+ 36. Kf2 Rc3 37. Rh1 Bd7 38. Rh7 Bxf5 39. Rxg7+ Ke6 40. Rg8 Bd3 41.
cxd3 1-0

[Event "PNWCC Masters 2020"]
[Site "chess.com INT"]
[Date "2020.05.25"]
[Round "8.10"]
[White "Lintchevski, Daniil"]
[Black "Daggupati, Balaji"]
[Result "1-0"]
[WhiteTitle "GM"]
[BlackTitle "FM"]
[WhiteElo "2559"]
[BlackElo "2331"]
[WhiteFideId "4171055"]
[BlackFideId "2090759"]
[EventDate "2020.05.23"]

1. e4 e5 2. Nf3 Nc6 3. d4 exd4 4. Nxd4 Nf6 5. Nxc6 bxc6 6. Nd2 d5 7. exd5 cxd5
8. Bb5+ Bd7 9. Bxd7+ Qxd7 10. O-O Be7 11. b3 O-O 12. Bb2 Rfe8 13. Qf3 Rad8 14.
Rad1 Qg4 15. Rfe1 Qxf3 16. Nxf3 Ne4 17. c4 Bb4 18. Rf1 dxc4 19. bxc4 Nc3 20.
Bxc3 Bxc3 21. Rxd8 Rxd8 22. Rb1 h6 23. Kf1 Rd6 24. Rb8+ Kh7 25. Rb3 Ba5 26. Ke2
Bb6 27. Rb2 Rg6 28. Kf1 Rd6 29. Rc2 Bc5 30. Nd2 Bb4 31. Nb3 Re6 32. g3 Re1+ 33.
Kg2 c5 34. Nc1 Ba3 35. Nd3 Rd1 36. Ne5 f6 37. Nc6 a6 38. g4 h5 39. Rc3 Bb4 40.
Rh3 Ra1 41. Rxh5+ Kg8 42. Rd5 Rxa2 43. h4 Be1 44. Rf5 a5 45. g5 Kf7 46. h5 a4
47. g6+ Ke6 48. h6 gxh6 49. Rf3 Rxf2+ 50. Rxf2 Bxf2 51. Nd8+ 1-0

[Event "PNWCC Masters 2020"]
[Site "chess.com INT"]
[Date "2020.05.25"]
[Round "8.11"]
[White "Kumar, Nikhil"]
[Black "Yoo, Christopher Woojin"]
[Result "1/2-1/2"]
[WhiteTitle "FM"]
[BlackTitle "IM"]
[WhiteElo "2328"]
[BlackElo "2455"]
[WhiteFideId "30909040"]
[BlackFideId "30909694"]
[EventDate "2020.05.23"]

1. c4 Nf6 2. Nf3 g6 3. Nc3 Bg7 4. d4 d5 5. cxd5 Nxd5 6. g3 O-O 7. Bg2 Nc6 8. O-O
e5 9. Nxe5 Nxc3 10. Nxc6 Nxd1 11. Nxd8 Nxf2 12. Nxf7 Ng4 13. Bd5 Bxd4+ 14. Kg2
Nf6 15. e3 Nxd5 16. Nh6+ Kg7 17. Rxf8 Nxe3+ 18. Bxe3 Bxe3 19. Rg8+ Kxh6 20. Re1
b6 21. Rxc8 Rxc8 22. Rxe3 Rd8 23. Re2 Rd7 24. b4 Kg5 25. Rc2 Kf6 26. h4 Ke5 27.
b5 c5 28. bxc6 Rc7 29. Rd2 Ke6 30. Rd8 Rxc6 31. Re8+ Kf7 32. Rh8 Kg7 33. Rb8
Rc2+ 34. Kh3 Rxa2 35. Rb7+ Kg8 36. Rb8+ Kg7 37. Rb7+ Kh6 38. g4 g5 39. h5 Ra5
40. Rd7 Ra3+ 41. Kg2 Ra4 42. Kg3 Ra3+ 43. Kg2 Ra4 44. Kg3 b5 45. Rd6+ Kg7 46.
Rd7+ Kh6 47. Rd6+ Kg7 48. Rd7+ Kg8 49. Rd8+ Kg7 50. Rd7+ 1/2-1/2

[Event "PNWCC Masters 2020"]
[Site "chess.com INT"]
[Date "2020.05.25"]
[Round "8.12"]
[White "Murzin, Volodar"]
[Black "Talukdar, Rohan"]
[Result "1/2-1/2"]
[WhiteTitle "IM"]
[BlackTitle "FM"]
[WhiteElo "2465"]
[BlackElo "2341"]
[WhiteFideId "44155573"]
[BlackFideId "2616378"]
[EventDate "2020.05.23"]

1. d4 Nf6 2. Nf3 g6 3. Bg5 Bg7 4. Nbd2 O-O 5. e3 d6 6. c3 Nbd7 7. Be2 b6 8. O-O
Bb7 9. Qc2 c5 10. Rad1 Qc7 11. Qb1 Rac8 12. Rfe1 Rfe8 13. Bd3 e5 14. dxe5 dxe5
15. e4 h6 16. Bxf6 Nxf6 17. a4 a6 18. Nf1 c4 19. Bc2 b5 20. axb5 axb5 21. Ng3
Nd7 22. h4 h5 23. Qc1 Nc5 24. Qe3 Rcd8 25. Ra1 Rd7 26. Red1 Red8 27. Rxd7 Rxd7
28. Rd1 Rxd1+ 29. Bxd1 Qd6 30. Bc2 Bc8 31. Nf1 Be6 32. Qc1 f6 33. Ne3 Bh6 34.
Nxc4 Bxc1 35. Nxd6 Bxb2 36. Nxb5 Bc4 37. Nd6 Be6 38. Nb5 Bc4 1/2-1/2

[Event "PNWCC Masters 2020"]
[Site "chess.com INT"]
[Date "2020.05.25"]
[Round "8.13"]
[White "Tarjan, James"]
[Black "Ghazarian, Kirk"]
[Result "1/2-1/2"]
[WhiteTitle "GM"]
[WhiteElo "2381"]
[BlackElo "2181"]
[WhiteFideId "2000180"]
[BlackFideId "30908604"]
[EventDate "2020.05.23"]

1. c4 c5 2. Nf3 g6 3. d4 cxd4 4. Nxd4 Nc6 5. e4 Nf6 6. Nc3 d6 7. Be2 Nxd4 8.
Qxd4 Bg7 9. O-O O-O 10. Qe3 Be6 11. Bd2 Nd7 12. Rac1 Qb6 13. b3 Qxe3 14. Bxe3 a5
15. Nd5 Bf6 16. Nc7 Rac8 17. Nxe6 fxe6 18. Bg4 Kf7 19. f4 Nc5 20. e5 Bg7 21.
Rcd1 dxe5 22. fxe5+ Ke8 23. Rfe1 b6 24. g3 Rd8 25. Rxd8+ Kxd8 26. a3 Kc7 27. b4
axb4 28. axb4 Nd3 29. Rd1 Nxe5 30. Bxe6 Rf6 31. Bg8 Rf8 32. Bd5 Rd8 33. Rc1 Nd3
34. Rb1 b5 35. Rb3 Ne5 36. Bf4 g5 37. Bxe5+ Bxe5 1/2-1/2

[Event "PNWCC Masters 2020"]
[Site "chess.com INT"]
[Date "2020.05.25"]
[Round "8.14"]
[White "Postny, Evgeny"]
[Black "Vivekananthan, Anish"]
[Result "1-0"]
[WhiteTitle "GM"]
[BlackTitle "FM"]
[WhiteElo "2600"]
[BlackElo "2239"]
[WhiteFideId "2804344"]
[BlackFideId "2090775"]
[EventDate "2020.05.23"]

1. Nf3 c5 2. c4 Nc6 3. d4 cxd4 4. Nxd4 Nf6 5. Nc3 g6 6. e4 d6 7. Be2 Nxd4 8.
Qxd4 Bg7 9. Be3 O-O 10. Qd2 Be6 11. Rc1 Qa5 12. f3 Rfc8 13. b3 a6 14. Na4 Qxd2+
15. Kxd2 Nd7 16. Rhd1 Rcb8 17. Nc3 b5 18. Nd5 Bxd5 19. cxd5 Rc8 20. Rc6 Nc5 21.
Rc1 Rxc6 22. dxc6 Bb2 23. Rc2 Ba3 24. Kc3 Ne6 25. b4 a5 26. Bxb5 Bxb4+ 27. Kb3
Nc7 28. Ka4 Rb8 29. Bd3 Be1 30. Rc1 Bh4 31. Rb1 Rc8 32. Ba7 e6 33. Rb8 Rd8 34.
Kxa5 Kf8 35. Kb6 1-0

[Event "PNWCC Masters 2020"]
[Site "chess.com INT"]
[Date "2020.05.25"]
[Round "8.15"]
[White "Fridman, Daniel"]
[Black "Zong, Davis"]
[Result "1-0"]
[WhiteTitle "GM"]
[WhiteElo "2615"]
[BlackElo "2129"]
[WhiteFideId "11600454"]
[BlackFideId "30903955"]
[EventDate "2020.05.23"]

1. c4 Nf6 2. Nc3 e6 3. e4 d5 4. e5 d4 5. exf6 dxc3 6. bxc3 Qxf6 7. g3 Bd7 8. Bg2
Bc6 9. Nf3 Qd8 10. O-O Be7 11. d4 O-O 12. Rb1 b6 13. Re1 Nd7 14. d5 exd5 15. Nd4
Bb7 16. cxd5 Nc5 17. Bf4 Bd6 18. Bxd6 Qxd6 19. Qg4 Qf6 20. Re3 Rfe8 21. Rbe1
Rxe3 22. Rxe3 Rd8 23. h4 g6 24. c4 h5 25. Qg5 Qxg5 26. hxg5 Kf8 27. Nb5 a6 28.
Nxc7 Rc8 29. d6 Bxg2 30. Kxg2 Rd8 31. Re2 Rxd6 32. Re8+ Kg7 33. Ra8 Rc6 34. Ne8+
Kf8 35. Nf6+ Ke7 36. f4 b5 37. cxb5 1-0

[Event "PNWCC Masters 2020"]
[Site "chess.com INT"]
[Date "2020.05.25"]
[Round "8.16"]
[White "Shabalov, Alexander"]
[Black "Tanenbaum, Zachary"]
[Result "1/2-1/2"]
[WhiteTitle "GM"]
[WhiteElo "2528"]
[BlackElo "2137"]
[WhiteFideId "2008572"]
[BlackFideId "2060850"]
[EventDate "2020.05.23"]

1. e4 e5 2. Nf3 Nc6 3. Bb5 a6 4. Ba4 d6 5. c4 Bg4 6. h3 Bxf3 7. Qxf3 Nf6 8. Nc3
Be7 9. O-O O-O 10. Bxc6 bxc6 11. d3 Nd7 12. Qg3 Rb8 13. b3 Nc5 14. f4 Bh4 15.
Qf3 exf4 16. Bxf4 Bf6 17. Rac1 a5 18. Rfd1 Ne6 19. Be3 c5 20. Kh1 Bg5 21. Rc2
Nd4 22. Bxd4 cxd4 23. Nd5 c6 24. Nf4 Qf6 25. g3 Qe5 26. Rf1 f5 27. Re2 a4 28.
bxa4 Ra8 29. Qh5 Bh6 30. Ng2 Qxg3 31. Rf3 Qg6 32. Rxf5 Rxf5 33. Qxf5 Qxf5 34.
exf5 Rxa4 35. Kh2 Ra3 36. Ne1 Ra5 37. Nc2 Rxa2 38. Nxd4 Ra3 39. Nxc6 Rxd3 40.
Kg2 Kf7 41. Re6 Bg5 42. c5 Rd2+ 43. Kf3 dxc5 44. Ne5+ Kf8 45. Rc6 Rd5 46. Rxc5
Rxc5 47. Nd7+ Ke7 48. Nxc5 Kf6 49. Kg4 h5+ 50. Kf3 Kxf5 51. Ne4 Bf4 52. Nf2 g5
53. Nd3 Bd6 54. Nf2 Bc5 55. Ne4 Bd4 56. Nxg5 Kxg5 1/2-1/2

[Event "PNWCC Masters 2020"]
[Site "chess.com INT"]
[Date "2020.05.25"]
[Round "8.17"]
[White "Easton, Jack"]
[Black "Hevia Alejano, Carlos Antonio"]
[Result "1/2-1/2"]
[BlackTitle "GM"]
[WhiteElo "2175"]
[BlackElo "2467"]
[WhiteFideId "30900069"]
[BlackFideId "3508811"]
[EventDate "2020.05.23"]

1. d4 Nf6 2. c4 e6 3. Nc3 Bb4 4. Qc2 O-O 5. Nf3 d5 6. cxd5 exd5 7. Bg5 Be6 8. e3
Nbd7 9. Bd3 h6 10. Bh4 c5 11. O-O Rc8 12. Rac1 c4 1/2-1/2

[Event "PNWCC Masters 2020"]
[Site "chess.com INT"]
[Date "2020.05.25"]
[Round "8.18"]
[White "Costello, Alexander"]
[Black "Sarkar, Justin"]
[Result "0-1"]
[WhiteTitle "IM"]
[BlackTitle "IM"]
[WhiteElo "2258"]
[BlackElo "2380"]
[WhiteFideId "2099659"]
[BlackFideId "2010011"]
[EventDate "2020.05.23"]

1. Nf3 d5 2. d4 Nf6 3. c4 dxc4 4. Nc3 a6 5. a4 Nc6 6. Bg5 h6 7. Bxf6 exf6 8. e3
Na5 9. Nd2 Be6 10. Qh5 Bb4 11. Rd1 Qd7 12. Be2 Bxc3 13. bxc3 Qxa4 14. O-O Qb5
15. Qf3 O-O 16. e4 f5 17. d5 fxe4 18. Nxe4 Bd7 19. Nf6+ gxf6 20. Rd4 f5 21. Qg3+
Kh7 22. Qxc7 Rg8 23. Bh5 Nb3 24. Rb1 Rg7 25. g3 f6 26. Rh4 Qxd5 27. Rd1 Bc6 28.
Rxd5 Rxc7 29. Rxf5 Rf8 30. Rxc4 Re7 31. f3 Re5 32. Bg4 Rxf5 33. Bxf5+ Kg7 34.
Rg4+ Kf7 35. Rh4 a5 36. Rxh6 a4 37. Rh7+ Ke8 38. Be4 Bxe4 39. fxe4 a3 40. Rxb7
a2 41. Rxb3 a1=Q+ 0-1

[Event "PNWCC Masters 2020"]
[Site "chess.com INT"]
[Date "2020.05.25"]
[Round "8.19"]
[White "Leiva, Giuseppe"]
[Black "Kumar, Naman"]
[Result "1/2-1/2"]
[WhiteTitle "IM"]
[WhiteElo "2391"]
[BlackElo "2115"]
[WhiteFideId "3804399"]
[BlackFideId "30908922"]
[EventDate "2020.05.23"]

1. Nf3 Nf6 2. d4 e6 3. e3 b6 4. Bd3 Bb7 5. O-O Be7 6. c4 O-O 7. Nc3 d5 8. b3 c5
9. Bb2 Nc6 10. Qe2 cxd4 11. exd4 Rc8 12. Rad1 Bd6 13. Rfe1 dxc4 14. bxc4 Nb4 15.
Bb1 Ba6 16. Ne5 Qc7 17. a3 Nc6 18. Nb5 Bxb5 19. cxb5 Ne7 20. Rc1 Qb7 21. Rxc8
Qxc8 22. g3 Ned5 23. Nc6 Qb7 24. Rc1 Ne7 25. Rc4 Rc8 26. Qc2 Nxc6 27. Rxc6 Rxc6
28. bxc6 Qc7 29. d5 exd5 30. Bxf6 gxf6 31. Qxh7+ Kf8 32. Qh6+ Ke7 33. Qe3+ Kf8
34. Qc3 Ke7 35. Ba2 Be5 36. Qb4+ Qd6 37. Bxd5 Qxb4 38. axb4 Kd6 39. Bxf7 Kxc6
40. f4 Bc3 41. Be8+ Kb7 42. b5 a6 43. bxa6+ Kxa6 44. h4 Kb7 45. h5 Bb4 46. h6
Bf8 47. h7 Bg7 48. Kf2 Kc7 49. Ke3 Kd6 50. Ke4 Ke6 51. Bg6 b5 52. Bf5+ Ke7 53.
Kd5 b4 54. Kc4 Kf7 55. Kxb4 Ke7 56. Kc4 Bh8 57. Kd5 Kf7 58. Ke4 Kg7 59. Kf3 Kh6
60. Kg4 Bg7 61. Kf3 Bh8 62. Ke4 Kg7 63. Kd5 Kf7 64. Kd6 Bg7 65. Kd7 Bh8 66. Bd3
Bg7 67. f5 Bh8 68. Bc4+ Kf8 69. Bg8 Bg7 70. Ke6 Bh8 71. Kd6 Bg7 72. Kd5 Ke7 73.
Ke4 Kf8 74. Kf4 Bh6+ 75. Ke4 Bg7 76. Kf3 Bh8 77. Kg4 Kg7 78. Kh5 Kf8 79. Kh6 Ke7
80. Bd5 Kf8 81. Kg6 Ke7 82. Bc4 Kf8 83. Ba2 Ke7 84. Bd5 Kf8 85. g4 Ke7 86. Bf3
Kf8 87. Kh6 Kf7 88. Be2 Bg7+ 89. Kh5 Bh8 90. Bc4+ Kg7 91. Bg8 Kf8 92. Kg6 Ke7
93. Bd5 Kf8 94. Be4 Ke7 95. Bf3 Kf8 96. g5 Ke7 1/2-1/2

[Event "PNWCC Masters 2020"]
[Site "chess.com INT"]
[Date "2020.05.25"]
[Round "8.20"]
[White "Woodward, Andy"]
[Black "Wang, Jason"]
[Result "1/2-1/2"]
[BlackTitle "FM"]
[WhiteElo "1856"]
[BlackElo "2312"]
[WhiteFideId "30953499"]
[BlackFideId "30908124"]
[EventDate "2020.05.23"]

1. d4 d5 2. c4 dxc4 3. e4 Nf6 4. Nc3 e5 5. Nf3 exd4 6. Qxd4 Qxd4 7. Nxd4 Bb4 8.
f3 a6 9. a4 c5 10. Nc2 Be6 11. Ne3 Nc6 12. Bxc4 O-O-O 13. O-O Na5 14. Bd5 Nxd5
15. Nexd5 Bxc3 16. Nxc3 Bc4 17. Re1 Nb3 18. Ra3 Nd4 19. Be3 Nc2 20. Raa1 Nxe1
21. Rxe1 b6 22. a5 bxa5 23. Ra1 Kd7 24. Rxa5 Rb8 25. Na4 Rhd8 26. g4 Ke8 27.
Rxc5 Be6 28. Kf2 Kf8 29. Rc6 Bd7 30. Rxa6 Bxa4 31. Rxa4 Rxb2+ 32. Kg3 h6 33. h4
Kg8 34. Ra3 Rd1 35. h5 Rdb1 36. Ra8+ Kh7 37. Ra7 Rb3 38. Bd4 Kg8 39. Ra8+ Kh7
40. Ra7 Rb7 41. Ra3 Rd1 42. Be5 Rdb1 43. Bd4 R1b4 44. Be5 R4b5 45. Bd4 Rb8 46.
Ra7 Kg8 47. e5 Rb4 48. Bc5 Rb3 49. Bd6 Rc8 50. Ra4 Rcc3 51. Rf4 Rd3 52. Bb4 Re3
53. Bd6 Re2 54. Rc4 Ree3 55. Rf4 Red3 56. Bb4 Rb1 57. Bc5 Rc1 58. Bb4 Rb1 59.
Re4 Rbb3 60. Rf4 1/2-1/2

[Event "PNWCC Masters 2020"]
[Site "chess.com INT"]
[Date "2020.05.25"]
[Round "8.21"]
[White "Chen, Ryo"]
[Black "Sinha, Sahil"]
[Result "1/2-1/2"]
[BlackTitle "IM"]
[WhiteElo "2085"]
[BlackElo "2324"]
[WhiteFideId "7003072"]
[BlackFideId "2065231"]
[EventDate "2020.05.23"]

1. e4 c5 2. Nf3 d6 3. d4 cxd4 4. Nxd4 Nf6 5. Nc3 Nc6 6. Be2 e5 7. Nf3 h6 8. O-O
Be7 9. h3 O-O 10. Re1 a6 11. a4 Be6 12. Bf1 Nb4 13. b3 Rc8 14. Bb2 Rc5 15. Nd2
d5 16. exd5 Nfxd5 17. Nde4 Rc6 18. Nxd5 Qxd5 19. Qxd5 Bxd5 20. c4 Be6 21. Rad1
f6 22. Rd2 b6 23. Nc3 Rd6 24. Rxd6 Bxd6 25. Ne4 Bc5 26. Nxc5 bxc5 27. f4 Rb8 28.
fxe5 f5 29. Rd1 Nc2 30. Rd3 g5 31. Be2 Bxc4 32. bxc4 Rxb2 33. Rd7 Ne3 34. Bh5
Rxg2+ 35. Kh1 g4 36. e6 g3 37. e7 Rh2+ 38. Kg1 Rg2+ 39. Kh1 Rh2+ 40. Kg1 Rg2+
41. Kh1 1/2-1/2

[Event "PNWCC Masters 2020"]
[Site "chess.com INT"]
[Date "2020.05.25"]
[Round "8.22"]
[White "Liang, Jason"]
[Black "Kondakov, Adrian"]
[Result "1-0"]
[WhiteTitle "FM"]
[BlackTitle "CM"]
[WhiteElo "2340"]
[BlackElo "1986"]
[WhiteFideId "30940303"]
[BlackFideId "30920302"]
[EventDate "2020.05.23"]

1. e4 e5 2. Nf3 Nc6 3. Bb5 a6 4. Ba4 Nf6 5. d3 b5 6. Bb3 Be7 7. O-O O-O 8. Bd5
Bd6 9. Bg5 h6 10. Bh4 g5 11. Bg3 Qe7 12. Re1 Bb7 13. d4 Nh5 14. Nxe5 Nxg3 15.
Ng6 Qf6 16. Nxf8 Bxf8 17. fxg3 Qxd4+ 18. Qxd4 Nxd4 19. Bxb7 Rb8 20. Bd5 Nxc2 21.
Nc3 Nxa1 22. Rxa1 c6 23. Bb3 Bc5+ 24. Kh1 Re8 25. Rf1 Re7 26. Bc2 Kg7 27. g4 a5
28. Ne2 Bd6 29. Nd4 Kf8 30. Nf5 Re6 31. Bb3 Rf6 32. Rd1 Be5 33. Rxd7 Kg8 34.
Bxf7+ Kf8 35. Bb3 1-0

[Event "PNWCC Masters 2020"]
[Site "chess.com INT"]
[Date "2020.05.25"]
[Round "8.23"]
[White "Nguyen, Duc Hoa"]
[Black "Nguyen, Thanh Thuy Tien"]
[Result "1/2-1/2"]
[WhiteTitle "GM"]
[BlackTitle "WIM"]
[WhiteElo "2406"]
[BlackElo "1971"]
[WhiteFideId "12401358"]
[BlackFideId "12400998"]
[EventDate "2020.05.23"]

1. e4 c5 2. Nf3 d6 3. d4 cxd4 4. Nxd4 Nf6 5. Nc3 a6 6. Bg5 Nbd7 7. Qe2 Qc7 8.
O-O-O e6 9. f4 Be7 10. g4 b5 11. Bxf6 Bxf6 12. g5 Bxd4 13. Rxd4 Bb7 14. Bh3 Nb6
15. Rhd1 Rd8 16. e5 d5 17. Ne4 Nc4 18. b3 O-O 19. Ng3 Nb6 20. f5 Rfe8 21. fxe6
fxe6 22. Nh5 Nd7 23. Nf4 Nf8 24. Bg4 Bc6 25. h4 a5 26. h5 Rc8 27. g6 h6 28. Rf1
b4 29. Rf2 Re7 30. Kb1 Rce8 31. Nd3 Bb5 32. Rdf4 Nd7 33. Qf3 Bxd3 34. Qxd3 Qxe5
35. Qf1 Nf6 36. Rxf6 gxf6 37. Rxf6 Qd6 38. Rxe6 Qc7 39. Qf6 Qc3 40. Qxe7 Rxe7
41. Rxe7 Qd4 42. Be6+ Kf8 43. Rf7+ Ke8 44. Rf1 Ke7 45. Bh3 Qc3 46. Bf5 a4 47.
bxa4 Kf6 48. Bd3+ Kg7 49. a5 Qc5 50. a6 d4 51. Kc1 Qxh5 52. Kb2 Qa5 53. Rf7+ Kg8
54. Rd7 b3 55. cxb3 Qc3+ 56. Ka3 Qa5+ 57. Kb2 Qc3+ 58. Ka3 Qa5+ 59. Kb2 1/2-1/2

[Event "PNWCC Masters 2020"]
[Site "chess.com INT"]
[Date "2020.05.25"]
[Round "8.24"]
[White "Zhou, Liran"]
[Black "Beatrez, Patrick"]
[Result "0-1"]
[WhiteTitle "FM"]
[WhiteElo "2351"]
[BlackElo "1879"]
[WhiteFideId "30931967"]
[BlackFideId "30937167"]
[EventDate "2020.05.23"]

1. e4 c5 2. Nf3 d6 3. d4 cxd4 4. Nxd4 Nf6 5. Nc3 g6 6. Be3 Bg7 7. f3 O-O 8. Qd2
Nc6 9. Bc4 Bd7 10. O-O-O Rc8 11. Bb3 Ne5 12. Kb1 Nc4 13. Bxc4 Rxc4 14. g4 b5 15.
b3 b4 16. bxc4 bxc3 17. Qxc3 Qc7 18. Qd3 Rb8+ 19. Ka1 Rb4 20. Rb1 Rxc4 21. Rb7
Rxd4 22. Qb3 Qc4 23. Bxd4 Qxd4+ 24. Kb1 Ne8 25. c3 Qd3+ 26. Qc2 Qxf3 27. Re1
Qxg4 28. Rxa7 d5 29. Qe2 Qe6 30. Qa6 Nd6 31. Ra8+ Bf8 32. Rxf8+ Kxf8 33. Qa8+
Kg7 34. Qxd5 Qxd5 35. exd5 Kf6 36. Kc2 Bb5 37. Kb3 Bc4+ 38. Kb2 Bxd5 39. a4 e5
40. Ka3 e4 41. Kb4 Ke5 42. a5 f5 43. a6 f4 44. a7 Nc8 45. c4 Nxa7 46. cxd5 Kxd5
47. Rd1+ Ke5 48. Kc5 f3 49. Rd7 f2 50. Re7+ Kf6 0-1

[Event "PNWCC Masters 2020"]
[Site "chess.com INT"]
[Date "2020.05.25"]
[Round "8.25"]
[White "Morefield, Jason"]
[Black "Singh, Hersh"]
[Result "1-0"]
[WhiteTitle "FM"]
[WhiteElo "2227"]
[BlackElo "1906"]
[WhiteFideId "30920825"]
[BlackFideId "30918804"]
[EventDate "2020.05.23"]

1. d4 d5 2. c4 e6 3. Nc3 Nf6 4. cxd5 exd5 5. Bg5 c6 6. Qc2 Be7 7. e3 Nbd7 8. Bd3
Nf8 9. Nge2 Ne6 10. Bh4 g6 11. O-O O-O 12. f3 b6 13. Rad1 Bb7 14. Kh1 Nh5 15.
Bf2 f5 16. Qd2 Rc8 17. Bc2 Ba6 18. e4 fxe4 19. fxe4 Nhf4 20. Nxf4 Nxf4 21. Rfe1
dxe4 22. Rxe4 Nd5 23. Bb3 Kh8 24. Bxd5 cxd5 25. Nxd5 Bg5 26. Ne3 Bb7 27. d5 Qxd5
28. Nxd5 Bxd2 29. Bd4+ Kg8 30. Ne7+ Kf7 31. Nxc8 Bxe4 32. Nd6+ Ke6 33. Nxe4 Bh6
34. Bc3 Rf5 35. g3 Bf8 36. Kg2 b5 37. Rf1 b4 38. Bd2 Kd5 39. Rxf5+ gxf5 40. Nf2
Kd4 41. Kf3 Bd6 42. Bf4 Be7 43. Ke2 a5 44. Be3+ Kc4 45. Nd3 Bf6 46. b3+ Kc3 47.
Bb6 a4 48. bxa4 b3 49. axb3 Kxb3 50. a5 Kc4 51. a6 Kb5 52. a7 Kxb6 53. a8=Q 1-0

[Event "PNWCC Masters 2020"]
[Site "chess.com INT"]
[Date "2020.05.25"]
[Round "8.26"]
[White "Estrada Nieto, Julian"]
[Black "Zhang, Samuel"]
[Result "0-1"]
[WhiteTitle "IM"]
[WhiteElo "2280"]
[BlackElo "2033"]
[WhiteFideId "5101018"]
[BlackFideId "30942993"]
[EventDate "2020.05.23"]

1. e4 c5 2. Nf3 d6 3. Bb5+ Bd7 4. Bxd7+ Qxd7 5. c4 Nf6 6. Nc3 g6 7. d4 cxd4 8.
Nxd4 Bg7 9. f3 O-O 10. Be3 Nc6 11. Rc1 Rac8 12. b3 a6 13. Nxc6 bxc6 14. O-O e6
15. Rf2 Qe7 16. Rd2 Rfd8 17. Qe2 d5 18. Rcd1 Nxe4 19. Nxe4 dxe4 20. fxe4 Be5 21.
g3 Kg7 22. c5 Rxd2 23. Qxd2 h5 24. Qd7 Qxd7 25. Rxd7 Rc7 26. Rd8 Kf6 27. Kg2 a5
28. Ra8 Bc3 29. Kf3 e5 30. Ke2 Ke6 31. Kd3 Be1 32. Ke2 Bb4 33. Re8+ Re7 34. Rc8
Kd7 35. Ra8 Ke6 36. Ra6 Rc7 37. Ra8 Bc3 38. Kd3 Be1 39. Bg5 f6 40. Be3 h4 41.
gxh4 f5 42. exf5+ gxf5 43. Re8+ Re7 44. Rxe7+ Kxe7 45. Bg5+ Ke6 46. h5 Bb4 47.
Kc4 f4 48. h6 Kf7 49. h4 f3 50. Be3 Be1 51. h5 f2 52. Bxf2 Bxf2 53. b4 a4 54.
Kd3 Be1 55. a3 Kg8 56. Ke4 Bxb4 57. axb4 a3 58. b5 a2 59. bxc6 a1=Q 60. c7 Qd4+
61. Kf5 Qxc5 62. Kg6 Qxc7 63. h7+ Qxh7+ 0-1

[Event "PNWCC Masters 2020"]
[Site "chess.com INT"]
[Date "2020.05.25"]
[Round "8.27"]
[White "Wen, Tommy"]
[Black "Eswaran, Ashritha"]
[Result "1/2-1/2"]
[BlackTitle "WIM"]
[WhiteElo "2014"]
[BlackElo "2244"]
[WhiteFideId "30952255"]
[BlackFideId "2080788"]
[EventDate "2020.05.23"]

1. e4 c5 2. Nf3 a6 3. c4 Nc6 4. d4 cxd4 5. Nxd4 e6 6. Nc3 Qc7 7. Be2 d6 8. O-O
Nf6 9. Be3 Be7 10. Rc1 Nxd4 11. Qxd4 O-O 12. f4 e5 13. Qd2 exf4 14. Bxf4 Be6 15.
Kh1 Qd7 16. Rfd1 Rfd8 17. Qe3 Qe8 18. Nd5 Bxd5 19. exd5 Qd7 20. c5 dxc5 21. d6
Bf8 22. Rxc5 Re8 23. Qf3 Qa4 24. Bc4 Qb4 25. Rc7 Re1+ 26. Rxe1 Qxe1+ 27. Qf1
Qxf1+ 28. Bxf1 Nd5 29. Bc4 Nxf4 30. Rxf7 Ng6 31. Rc7+ Kh8 32. d7 Rd8 33. Be6 Nf4
34. Bg4 b5 35. g3 Nd5 36. Rc8 Be7 37. Be6 Nf6 38. Kg2 g6 39. Kf3 Kg7 40. Kf4 b4
41. g4 g5+ 42. Kf5 Rf8 43. Ke5 Rd8 44. Kf5 h5 45. h3 h4 46. a4 bxa3 47. bxa3 Rf8
48. Ke5 Bd8 49. a4 a5 50. Bf5 Ng8 51. Ke6 Be7 52. Re8 Bd8 53. Kd6 Nh6 54. Be6
Nf7+ 55. Kc6 Ne5+ 56. Kd6 Nf7+ 57. Kc6 Ne5+ 58. Kd6 1/2-1/2

[Event "PNWCC Masters 2020"]
[Site "chess.com INT"]
[Date "2020.05.25"]
[Round "8.28"]
[White "Park, Evan"]
[Black "Wofford, Matthew"]
[Result "1-0"]
[WhiteElo "2146"]
[BlackElo "1995"]
[WhiteFideId "30931142"]
[BlackFideId "2095971"]
[EventDate "2020.05.23"]

1. e4 c5 2. Nf3 d6 3. d4 cxd4 4. Nxd4 Nf6 5. Nc3 a6 6. Nb3 e5 7. Bg5 Be7 8. Bxf6
Bxf6 9. Qd3 Be6 10. O-O-O Be7 11. g3 Nd7 12. f4 b5 13. f5 Bc4 14. Qf3 Nb6 15.
Na5 Qc7 16. Nxc4 bxc4 17. h4 h5 18. Nd5 Nxd5 19. Rxd5 O-O 20. Qc3 Rfc8 21. Be2
Rab8 22. Bxh5 Qb7 23. Be2 Bd8 24. Bxc4 Bb6 25. b3 Bd4 26. Rxd4 exd4 27. Qxd4 Qb4
28. f6 Qa3+ 29. Kd2 Qa5+ 30. Kd3 g6 31. Qd5 Qc7 32. Qg5 d5 33. exd5 Rb4 34. Qf4
Qxf4 35. gxf4 Rb6 36. Ke4 Re8+ 37. Kf3 Rxf6 38. Bd3 Re5 39. c4 Kf8 40. Rg1 Ke7
41. Rg5 Re1 42. c5 Rh1 43. d6+ Kd7 44. Bxa6 Kc6 45. b4 Rxh4 46. b5+ Kd7 47. Rd5
Rfxf4+ 48. Ke3 Ra4 49. c6+ Ke6 50. d7 Rh3+ 51. Kf2 Rxa2+ 52. Kg1 Rg3+ 53. Kf1
Rf3+ 54. Ke1 Rh3 55. b6 Rh1+ 56. Bf1 Ra1+ 57. Kd2 Rhxf1 58. d8=Q Rad1+ 59. Kc2
Rxd5 60. Qe8+ Kf6 61. Qh8+ Ke6 62. Qe8+ Kf6 63. c7 Rc5+ 64. Kd2 Rf2+ 65. Ke3
Rfc2 66. Qd8+ Ke6 67. Qe8+ Kf6 68. Qh8+ Ke6 69. b7 R5c3+ 70. Kd4 Rc4+ 71. Kd3
Rxc7 72. b8=Q R2c6 73. Qhe8+ Kf6 74. Qbd8+ Kf5 75. Qd5+ Kf6 76. Qee5# 1-0

[Event "PNWCC Masters 2020"]
[Site "chess.com INT"]
[Date "2020.05.25"]
[Round "8.29"]
[White "Wen, Teddie"]
[Black "Padhye, Rohan"]
[Result "1-0"]
[WhiteElo "2071"]
[BlackElo "1716"]
[WhiteFideId "30952247"]
[BlackFideId "30946034"]
[EventDate "2020.05.23"]

1. d4 d5 2. c4 c6 3. Nf3 Nf6 4. Nc3 e6 5. Bg5 dxc4 6. e4 b5 7. e5 h6 8. Bh4 g5
9. Nxg5 hxg5 10. Bxg5 Nbd7 11. g3 Bb7 12. Bg2 Qb6 13. exf6 O-O-O 14. O-O c5 15.
d5 b4 16. Rb1 Qa6 17. dxe6 Bxg2 18. e7 Bxf1 19. exd8=Q+ Kxd8 20. Kxf1 bxc3 21.
bxc3 Qd6 22. Qe1 Rxh2 23. Kg1 Rh5 24. Qe4 Ne5 25. Bf4 Qxf6 26. Qa8+ Ke7 27. Qb7+
Ke6 28. Qc8+ Kd5 29. Bxe5 Rxe5 30. Rd1+ Ke4 31. Qg4+ Qf4 32. Qxf4# 1-0